Experience technology : manufacturing - construction

Na minha lista:
Detalhes bibliográficos
Autor principal: Harms, Henry R.
Formato: Livro
Idioma:Undetermined
Publicado em: New York McGraw - Hill 1997
Assuntos:
Tags: Adicionar Tag
Sem tags, seja o primeiro a adicionar uma tag!
Thư viện lưu trữ: Trung tâm Học liệu Trường Đại học Cần Thơ
LEADER 00596nam a2200205Ia 4500
001 CTU_108752
008 210402s9999 xx 000 0 und d
082 |a 670.285 
082 |b H287 
100 |a Harms, Henry R. 
245 0 |a Experience technology : 
245 0 |b manufacturing - construction 
245 0 |c Henry R. Harms, Dennis K. Kroon, Marlene Weigel 
260 |a New York 
260 |b McGraw - Hill 
260 |c 1997 
650 |a Manufacturing,Data processing 
650 |x Computer applications 
904 |i Hiếu 
980 |a Trung tâm Học liệu Trường Đại học Cần Thơ